000 04054ngm a2200817Ii 4500
001 on1000618327
003 OCoLC
005 20251223124723.0
007 vd cvaizq
008 170815p20172016cau946 vleng d
024 1 _a043396506763
024 1 _a043396510807
028 4 2 _a50676
_bColumbia (USA)
028 4 2 _a51080
_bSony Pictures Home Entertainment
035 _a(OCoLC)1000618327
037 _bMidwest Tape
_nhttp://www.midwesttapes.com
040 _aATCDL
_beng
_erda
_cATCDL
_dUINTA
049 _aUCLB
050 4 _aPN1992.77
_b.B53 2017
092 _bDVD
130 0 _aBlacklist (Television program).
_nSeason 4.
_96558265
245 1 4 _aThe blacklist. The complete fourth season /
246 3 _aBlacklist.
_nThe complete 4th season
246 3 _aBlacklist.
_nSeason four
246 3 _aBlacklist.
_nSeason 4
264 1 _aCulver City, California :
_bSony Pictures Home Entertainment, Davis Entertainment ; Universal Television ; Sony Pictures Television ; created by Jon Bokenkamp ; producer, Katrin L. Goodson ; produced by Laura A. Benson ; producers, Brandon Margolis & Brandon Sonnier.
_c[2017]
300 _a6 videodiscs (approximately 946 min.) :
_bsound, color ;
_c4 3/4 in.
336 _atwo-dimensional moving image
337 _avideo
338 _avideodisc
500 _aTitle from disc surface.
500 _aAnamorphic widescreen (1.78:1).
500 _aSpecial features: deleted scenes; gag reel; Mr. Kaplan: end of an era; A lighter shade of Red; 3 episode commentaries.
511 1 _aJames Spader, Megan Boone, Diego Klattenhoff, Ryan Eggold, Amir Arison, Mozhan Marno, Hisham Tawfiq, Harry Lennix.
518 _aOriginally broadcast as episodes of the television program in 2016-2017.
520 _aWhile the Task Force reels from Liz's resurrection and Red deals with the betrayal of those closest to him, Liz is targeted by a man claiming to be her father.
521 8 _aNot rated.
538 _aDVD, region 1, anamorphic widescreen (1.78:1); 5.1 Dolby Digital.
546 _aEnglish or French dialogue; English or French subtitles; English subtitles for the deaf and hard of hearing (SDH).
610 1 0 _aUnited States.
_bFederal Bureau of Investigation
_xEmployees
_vDrama.
_96454701
650 0 _aCriminals
_vDrama.
_95748142
650 0 _aCriminal investigation
_vDrama.
_95678591
650 0 _aFugitives from justice
_vDrama.
_95729600
655 7 _aTelevision series.
_2lcgft
655 7 _aFiction television programs.
_2lcgft
_95673656
655 7 _aTelevision crime shows.
_2lcgft
_95706353
655 7 _aThrillers (Television programs)
_2lcgft
_95698785
655 7 _aAction and adventure television programs.
_2lcgft
_95676921
655 7 _aTelevision cop shows.
_2lcgft
_95686173
655 7 _aDetective and mystery television programs.
_2lcgft
655 7 _aVideo recordings for the hearing impaired.
_2lcgft
700 1 _aBokenkamp, Jon,
_ecreator.
_96204196
700 1 _aGoodson, Katrin L.,
_etelevision producer.
_96558266
700 1 _aBenson, Laura A.,
_etelevision producer.
_96558261
700 1 _aMargolis, Brandon,
_etelevision producer.
_96558267
700 1 _aSonnier, Brandon,
_d1982-
_etelevision producer.
_96558268
700 1 _aSpader, James,
_eactor.
_938768
700 1 _aBoone, Megan,
_d1983-
_eactor.
_96278017
700 1 _aKlattenhoff, Diego,
_eactor.
_95778788
700 1 _aEggold, Ryan,
_d1984-
_eactor.
_96275371
700 1 _aArison, Amir,
_d1978-
_eactor.
_96558262
700 1 _aMarno, Mozhan,
_eactor.
_95898647
700 1 _aTawfiq, Hisham,
_eactor.
_96544386
700 1 _aLennix, Harry J.,
_eactor.
_958438
710 2 _aDavis Entertainment Company,
_eproduction company.
_965199
710 2 _aUniversal Television (Firm),
_eproduction company.
_918934
710 2 _aSony Pictures Television,
_eproduction company.
_970830
710 2 _aSony Pictures Home Entertainment (Firm),
_epublisher.
_971947
730 0 2 _aBlacklist (Television program).
_nSeason 4.
_lFrench.
_96558269
942 _2ddc
_cDVD
999 _c224775
_d224775